[Event "Koge Lang Sommer Weekend"]
[Site "Koge"]
[Date "2020.07.23"]
[Round "3"]
[White "Borg, Flemming"]
[Black "Mollasoltani, Aryan"]
[Result "1/2-1/2"]
[WhiteElo "1665"]
[BlackElo "1439"]
[PlyCount "81"]
[EventDate "2020.07.22"]
[EventType "swiss"]
[EventRounds "7"]
[EventCountry "DEN"]
[SourceTitle "EXT 2021"]
[Source "ChessBase"]
[SourceDate "2020.10.23"]
[SourceVersion "1"]
[SourceVersionDate "2020.10.23"]
[SourceQuality "1"]

1. e4 d5 2. exd5 Qxd5 3. Nc3 Qa5 4. d4 Nf6 5. Nf3 e6 6. Be2 Be7 7. 0-0 0-0 8. Ne5 Nbd7 9. f4 c5 10. Nc4 Qd8 11. Be3 a6 12. Bf3 Rb8 13. f5 cxd4 14. Qxd4 Bc5 15. Qf4 Bxe3+ 16. Nxe3 exf5 17. Nxf5 Qb6+ 18. Kh1 Qxb2 19. Ne4 Nxe4 20. Bxe4 Qe5 21. Qh4 Nf6 22. Rae1 Nxe4 23. Rxe4 Qxf5 24. Rxf5 Bxf5 25. Re2 b5 26. g4 Be6 27. a3 b4 28. Re3 b3 29. Rh3 h6 30. cxb3 Rxb3 31. Rxb3 Bxb3 32. g5 hxg5 33. Qxg5 Re8 34. Qg3 Bd5+ 35. Kg1 Be4 36. h4 Re6 37. Kf2 Bg6 38. Qg5 Rf6+ 39. Ke3 Rf5 40. Qd8+ Kh7 41. Qd4 1/2-1/2

[Event "Hillerod Vinhuset Stoltz op"]
[Site "Hillerod"]
[Date "2019.10.22"]
[Round "7"]
[White "Jensen, Torben W"]
[Black "Borg, Flemming"]
[Result "1-0"]
[WhiteElo "1667"]
[BlackElo "1733"]
[PlyCount "45"]
[EventDate "2019.09.24"]
[EventType "swiss"]
[EventRounds "7"]
[EventCountry "DEN"]
[SourceTitle "EXT 2021"]
[Source "ChessBase"]
[SourceDate "2020.10.23"]
[SourceVersion "1"]
[SourceVersionDate "2020.10.23"]
[SourceQuality "1"]

1. e4 Nf6 2. e5 Nd5 3. Nf3 e6 4. d4 c5 5. c3 d6 6. c4 Nb6 7. dxc5 dxc5 8. Qxd8+ Kxd8 9. Nc3 Bd7 10. Be3 Nc6 11. 0-0-0 a6 12. Ne4 Ke8 13. Nxc5 Bxc5 14. Bxc5 Na4 15. Bd6 b6 16. Bd3 Nc5 17. Bb1 f6 18. Rhe1 Rc8 19. Bxc5 bxc5 20. exf6 gxf6 21. Bf5 Ke7 22. Rxd7+ Kxd7 23. Bxe6+ 1-0

[Event "Hillerod Vinhuset Stoltz op"]
[Site "Hillerod"]
[Date "2019.10.08"]
[Round "5"]
[White "Hein, Jacob"]
[Black "Borg, Flemming"]
[Result "0-1"]
[WhiteElo "1410"]
[BlackElo "1733"]
[PlyCount "82"]
[EventDate "2019.09.24"]
[EventType "swiss"]
[EventRounds "7"]
[EventCountry "DEN"]
[SourceTitle "EXT 2021"]
[Source "ChessBase"]
[SourceDate "2020.10.23"]
[SourceVersion "1"]
[SourceVersionDate "2020.10.23"]
[SourceQuality "1"]

1. d4 d6 2. e4 Nf6 3. Nc3 Nbd7 4. Nf3 e5 5. Bc4 Be7 6. 0-0 c6 7. Re1 0-0 8. Bg5 b5 9. Bd3 b4 10. Ne2 c5 11. c3 Bb7 12. Ng3 g6 13. Nh4 Ne8 14. Bxe7 Qxe7 15. Qg4 Ng7 16. Ngf5 Qe6 17. d5 gxf5 18. Qxg7+ Kxg7 19. Nxf5+ Kf6 20. dxe6 fxe6 21. Nxd6 Rab8 22. Re3 Ke7 23. Rh3 Kxd6 24. Rd1 Ke7 25. Rxh7+ Rf7 26. Rxf7+ Kxf7 27. Bc4 Nb6 28. Be2 Bxe4 29. cxb4 cxb4 30. Rf1 Ke7 31. f4 Rf8 32. fxe5 Rxf1+ 33. Kxf1 Bd5 34. a3 b3 35. h4 Na4 36. h5 Nxb2 37. h6 Kf7 38. g4 Bc4 39. Ke1 Bxe2 40. Kxe2 Nc4 41. Kd1 a5 0-1

[Event "Hillerod Byturnering C"]
[Site "Hillerod"]
[Date "2019.06.11"]
[Round "6"]
[White "Nielskov, Freddy"]
[Black "Borg, Flemming"]
[Result "1-0"]
[WhiteElo "1637"]
[BlackElo "1712"]
[PlyCount "69"]
[EventDate "2019.04.23"]
[EventType "tourn"]
[EventRounds "7"]
[EventCountry "DEN"]
[SourceTitle "EXT 2024"]
[Source "ChessBase"]
[SourceDate "2023.10.10"]
[SourceVersion "1"]
[SourceVersionDate "2023.10.10"]
[SourceQuality "1"]

1. e4 d6 2. Nf3 e5 3. d4 Nd7 4. Bd3 Ngf6 5. 0-0 g6 6. Be3 Bg7 7. Nbd2 0-0 8. h3 c6 9. Nc4 Qc7 10. c3 b5 11. dxe5 dxe5 12. Ncd2 a6 13. a4 Bb7 14. b4 c5 15. axb5 axb5 16. Rxa8 Bxa8 17. Bxb5 Rd8 18. Qb1 cxb4 19. cxb4 Rb8 20. Rc1 Qb7 21. Bc6 Qa6 22. b5 Qa4 23. Rc4 Qa3 24. b6 Bxc6 25. Rxc6 Rb7 26. Nc4 Qa4 27. Rc8+ Bf8 28. Nd6 Rb8 29. b7 Kg7 30. Qc1 Ng8 31. Rxb8 Nxb8 32. Nxf7 Kxf7 33. Qc7+ Nd7 34. Nxe5+ Ke6 35. Qxd7+ 1-0

[Event "Taastrup Quick Weekend 23th Basis 3"]
[Site "Taastrup"]
[Date "2016.05.20"]
[Round "2"]
[White "Borg, Flemming"]
[Black "Bendixen, Daniel"]
[Result "1/2-1/2"]
[WhiteElo "1777"]
[BlackElo "1801"]
[PlyCount "58"]
[EventDate "2016.05.20"]
[EventType "tourn"]
[EventRounds "5"]
[EventCountry "DEN"]
[SourceTitle "EXT 2024"]
[Source "ChessBase"]
[SourceDate "2023.10.10"]
[SourceVersion "1"]
[SourceVersionDate "2023.10.10"]
[SourceQuality "1"]

1. f4 d5 2. Nf3 Nf6 3. g3 e6 4. Bg2 b6 5. 0-0 Bd6 6. d3 Bb7 7. c3 0-0 8. Qc2 Nbd7 9. Re1 e5 10. f5 e4 11. Nh4 exd3 12. exd3 Re8 13. Rf1 c5 14. Qf2 Qc7 15. Na3 a6 16. Nc2 Re7 17. Bf4 Rae8 18. Bxd6 Qxd6 19. Rfe1 Bc6 20. Rxe7 Rxe7 21. Re1 Kf8 22. Rxe7 Qxe7 23. Bf3 Ne5 24. Ne1 Bb5 25. Qf1 Neg4 26. Nhg2 Ba4 27. b3 Bd7 28. h3 Ne5 29. g4 Nc6 1/2-1/2

[Event "Taastrup Quick Weekend 23th Basis 3"]
[Site "Taastrup"]
[Date "2016.05.20"]
[Round "3"]
[White "Gregor, Bjarke"]
[Black "Borg, Flemming"]
[Result "1-0"]
[WhiteElo "1731"]
[BlackElo "1777"]
[PlyCount "97"]
[EventDate "2016.05.20"]
[EventType "tourn"]
[EventRounds "5"]
[EventCountry "DEN"]
[SourceTitle "EXT 2024"]
[Source "ChessBase"]
[SourceDate "2023.10.10"]
[SourceVersion "1"]
[SourceVersionDate "2023.10.10"]
[SourceQuality "1"]

1. b3 e5 2. Bb2 d6 3. e3 Nf6 4. c4 Be7 5. Qc2 0-0 6. Be2 c6 7. d3 Bf5 8. Nd2 Nbd7 9. e4 Bg6 10. Ngf3 Ne8 11. h4 h6 12. h5 Bh7 13. Nf1 f5 14. exf5 Bxf5 15. Ne3 Bh7 16. Rd1 Nc7 17. a3 Ne6 18. g3 Ng5 19. Nh4 e4 20. Ng6 Bxg6 21. hxg6 Bf6 22. Ng4 Bxb2 23. Qxb2 Ne5 24. Nxe5 Qa5+ 25. b4 Qxe5 26. Qxe5 dxe5 27. dxe4 Nxe4 28. Rf1 Rf6 29. Bd3 Nd6 30. f3 Raf8 31. Ke2 Nc8 32. c5 Ne7 33. Bc4+ Nd5 34. Bxd5+ cxd5 35. Rxd5 Rxg6 36. g4 Re6 37. Ke3 Re7 38. Rfd1 Rf4 39. Rxe5 Rxf3+ 40. Kxf3 Rxe5 41. Rd7 Kf8 42. Rxb7 Re7 43. c6 Ke8 44. Kf4 Kd8 45. Rxe7 Kxe7 46. b5 Ke6 47. a4 g5+ 48. Ke4 Kd6 49. Kf5 1-0

[Event "DEN-ch G5-1"]
[Site "Svendborg"]
[Date "2016.03.23"]
[Round "5"]
[White "Ottesen, Soren Rud"]
[Black "Borg, Flemming"]
[Result "1-0"]
[WhiteElo "1725"]
[BlackElo "1793"]
[PlyCount "57"]
[EventDate "2016.03.19"]
[EventType "swiss"]
[EventRounds "5"]
[EventCountry "DEN"]
[SourceTitle "EXT 2023"]
[Source "ChessBase"]
[SourceDate "2022.10.05"]
[SourceVersion "1"]
[SourceVersionDate "2022.10.05"]
[SourceQuality "1"]

1. e4 c6 2. d4 d5 3. Nc3 dxe4 4. Nxe4 Nf6 5. Nxf6+ gxf6 6. Bf4 Bf5 7. Nf3 e6 8. Bd3 Bg6 9. Qd2 Bd6 10. Bg3 Qc7 11. Bc4 Nd7 12. Bxd6 Qxd6 13. 0-0-0 0-0-0 14. Kb1 Nb6 15. Bb3 Bh5 16. Qa5 Bxf3 17. gxf3 Kb8 18. c4 Qf4 19. Qc3 Rhg8 20. Qe3 Qh4 21. Qe4 Qxf2 22. Qf4+ e5 23. dxe5 Rxd1+ 24. Rxd1 Rg2 25. exf6+ Kc8 26. Qf5+ Kc7 27. Qe5+ Kc8 28. Qe8+ Kc7 29. Qd8# 1-0

[Event "DEN-ch G5-1"]
[Site "Svendborg"]
[Date "2016.03.22"]
[Round "4"]
[White "Borg, Flemming"]
[Black "Lauritsen, Henning"]
[Result "0-1"]
[WhiteElo "1793"]
[BlackElo "1932"]
[PlyCount "83"]
[EventDate "2016.03.19"]
[EventType "swiss"]
[EventRounds "5"]
[EventCountry "DEN"]
[SourceTitle "EXT 2023"]
[Source "ChessBase"]
[SourceDate "2022.10.05"]
[SourceVersion "1"]
[SourceVersionDate "2022.10.05"]
[SourceQuality "1"]

1. f4 Nf6 2. Nf3 d5 3. g3 g6 4. Bg2 Bg7 5. 0-0 0-0 6. d3 c6 7. c3 Nbd7 8. Qc2 Qb6+ 9. d4 Ne4 10. Nbd2 Nd6 11. g4 e5 12. fxe5 Nxe5 13. h3 f5 14. Nxe5 Bxe5 15. g5 Bd7 16. Nb3 Ne4 17. h4 Bg3 18. Bf4 Bxh4 19. Bxe4 fxe4 20. e3 Rf5 21. Nc5 Qd8 22. Nxb7 Qe7 23. Nc5 Bxg5 24. Qh2 Bxf4 25. Rxf4 Raf8 26. Raf1 Qg5+ 27. Qg2 Bc8 28. Qxg5 Rxg5+ 29. Kh2 Rgf5 30. Kg3 g5 31. Rxf5 Rxf5 32. Rxf5 Bxf5 33. Na6 h5 34. Nb8 h4+ 35. Kf2 g4 36. Nxc6 g3+ 37. Kg2 Kg7 38. b4 Kh6 39. a4 Bg4 40. Ne5 Be2 41. b5 Kh5 42. Kh3 0-1

[Event "DEN-ch G5-1"]
[Site "Svendborg"]
[Date "2016.03.19"]
[Round "1"]
[White "Knudsen, Tage"]
[Black "Borg, Flemming"]
[Result "0-1"]
[WhiteElo "1422"]
[BlackElo "1793"]
[PlyCount "58"]
[EventDate "2016.03.19"]
[EventType "swiss"]
[EventRounds "5"]
[EventCountry "DEN"]
[SourceTitle "EXT 2023"]
[Source "ChessBase"]
[SourceDate "2022.10.05"]
[SourceVersion "1"]
[SourceVersionDate "2022.10.05"]
[SourceQuality "1"]

1. d4 f5 2. e3 Nf6 3. Nc3 g6 4. Nf3 Bg7 5. Bc4 e6 6. b3 0-0 7. Bb2 b6 8. d5 Ne4 9. dxe6 dxe6 10. Qxd8 Rxd8 11. Nd4 Nxc3 12. Bxc3 Kf7 13. 0-0 c5 14. Ne2 Bxc3 15. Nxc3 Nc6 16. a3 Ne5 17. Be2 Bb7 18. Rfd1 a6 19. Rxd8 Rxd8 20. Rd1 Rxd1+ 21. Bxd1 b5 22. Be2 b4 23. Nb1 a5 24. a4 Be4 25. Bd1 c4 26. Nd2 Bd5 27. Be2 c3 28. Nf3 Nxf3+ 29. Bxf3 Bxb3 0-1

[Event "Politiken Cup 37th"]
[Site "Helsingor"]
[Date "2015.07.31"]
[Round "8"]
[White "Borg, Flemming"]
[Black "Gade, Jens"]
[Result "1-0"]
[WhiteElo "1800"]
[BlackElo "1572"]
[PlyCount "41"]
[EventDate "2015.07.25"]
[EventType "swiss"]
[EventRounds "10"]
[EventCountry "DEN"]
[SourceTitle "CBM 167 Extra"]
[Source "ChessBase"]
[SourceDate "2015.09.14"]
[SourceVersion "1"]
[SourceVersionDate "2015.09.14"]
[SourceQuality "1"]

1. f4 d5 2. g3 Nf6 3. Bg2 g6 4. Nf3 Bg7 5. 0-0 0-0 6. d3 c6 7. Qe1 Nbd7 8. e4 dxe4 9. dxe4 Re8 10. e5 Nd5 11. c4 Nc7 12. Nc3 e6 13. Ne4 Bf8 14. Be3 b6 15. Rd1 Qe7 16. Nd6 Rd8 17. Ng5 Bg7 18. Bxc6 Rb8 19. Ngxf7 Rf8 20. Nxc8 Qxf7 21. Rxd7 1-0

[Event "Politiken Cup 37th"]
[Site "Helsingor"]
[Date "2015.07.30"]
[Round "7"]
[White "Jarve, Edvin"]
[Black "Borg, Flemming"]
[Result "1-0"]
[WhiteElo "1637"]
[BlackElo "1800"]
[PlyCount "95"]
[EventDate "2015.07.25"]
[EventType "swiss"]
[EventRounds "10"]
[EventCountry "DEN"]
[SourceTitle "CBM 167 Extra"]
[Source "ChessBase"]
[SourceDate "2015.09.14"]
[SourceVersion "1"]
[SourceVersionDate "2015.09.14"]
[SourceQuality "1"]

1. d4 d6 2. e4 Nf6 3. f3 Nbd7 4. c4 e5 5. d5 Nxe4 6. fxe4 Qh4+ 7. Kd2 Qxe4 8. Qf3 Nc5 9. Nc3 Qg6 10. Qg3 Qf6 11. Ke1 a5 12. Be3 b6 13. Bxc5 bxc5 14. Nb5 Qe7 15. Be2 g6 16. h4 Bg7 17. Nh3 0-0 18. h5 e4 19. Rb1 Be5 20. Qe3 Bb7 21. hxg6 hxg6 22. Nf2 c6 23. Qh6 Rfd8 24. dxc6 Bxc6 25. Nc3 Bg7 26. Qe3 Re8 27. Rd1 Rab8 28. b3 Bd4 29. Rxd4 cxd4 30. Qxd4 Qe5 31. Qxe5 Rxe5 32. Ng4 Re7 33. Nf6+ Kg7 34. Ncd5 Bxd5 35. Nxd5 Reb7 36. g4 f5 37. Kd2 Rh8 38. Rf1 Rf7 39. Ke3 Rh3+ 40. Kd4 Rh2 41. Ke3 Kh6 42. Nc3 Kg5 43. Nxe4+ Kh4 44. Rf4 g5 45. Rxf5 Re7 46. Rf6 Rxe2+ 47. Kxe2 Rxe4+ 48. Kf3 1-0

[Event "Politiken Cup 37th"]
[Site "Helsingor"]
[Date "2015.07.26"]
[Round "2"]
[White "Borg, Flemming"]
[Black "Bredeli, Havard Iversen"]
[Result "0-1"]
[WhiteElo "1800"]
[BlackElo "1346"]
[PlyCount "52"]
[EventDate "2015.07.25"]
[EventType "swiss"]
[EventRounds "10"]
[EventCountry "DEN"]
[SourceTitle "CBM 167 Extra"]
[Source "ChessBase"]
[SourceDate "2015.09.14"]
[SourceVersion "1"]
[SourceVersionDate "2015.09.14"]
[SourceQuality "1"]

1. e4 e6 2. f4 d5 3. e5 c5 4. d3 Nc6 5. c3 Nge7 6. g3 Ng6 7. Bg2 Be7 8. Nf3 f6 9. exf6 Bxf6 10. 0-0 0-0 11. d4 cxd4 12. cxd4 Qb6 13. Nc3 Nxd4 14. Kh1 Nf5 15. Qd3 Bd7 16. Rb1 d4 17. Ne4 Bb5 18. Nxf6+ Rxf6 19. Qe4 Bxf1 20. Bxf1 Nge7 21. g4 Ne3 22. Bd3 Rh6 23. g5 Rh5 24. Nxd4 Ng4 25. Qxe6+ Qxe6 26. Nxe6 Nf2+ 0-1

[Event "Politiken Cup 37th"]
[Site "Helsingor"]
[Date "2015.07.25"]
[Round "1"]
[White "Royset, Pal"]
[Black "Borg, Flemming"]
[Result "1-0"]
[WhiteElo "2236"]
[BlackElo "1800"]
[PlyCount "67"]
[EventDate "2015.07.25"]
[EventType "swiss"]
[EventRounds "10"]
[EventCountry "DEN"]
[SourceTitle "CBM 167 Extra"]
[Source "ChessBase"]
[SourceDate "2015.09.14"]
[SourceVersion "1"]
[SourceVersionDate "2015.09.14"]
[SourceQuality "1"]

1. e4 d5 2. exd5 Qxd5 3. Nc3 Qa5 4. Bc4 Nf6 5. Nf3 c6 6. 0-0 Bg4 7. Re1 e6 8. h3 Bh5 9. d4 Be7 10. g4 Bg6 11. Ne5 Nbd7 12. h4 0-0-0 13. Qe2 Nxg4 14. Qxg4 Nxe5 15. dxe5 Bxc2 16. Bg5 Bf5 17. Qe2 Bxg5 18. hxg5 Rd4 19. Rad1 Rg4+ 20. Kh2 Rxg5 21. Rd4 Rd8 22. Red1 Rxd4 23. Rxd4 Bg6 24. f4 Rh5+ 25. Kg1 Qc5 26. Qf2 Qe7 27. Be2 Rh6 28. Bf3 f6 29. Bg4 f5 30. Bf3 Bh5 31. Bg2 g5 32. Rd6 Be8 33. Qxa7 Kc7 34. Nb5+ 1-0

[Event "Hillerod Byturnering B"]
[Site "Hillerod"]
[Date "2015.??.??"]
[Round "7"]
[White "Borg, Flemming"]
[Black "Nygaard, Soren"]
[Result "1-0"]
[WhiteElo "1831"]
[BlackElo "1747"]
[PlyCount "121"]
[EventDate "2015.04.28"]
[EventType "tourn"]
[EventRounds "7"]
[EventCountry "DEN"]
[SourceTitle "EXT 2024"]
[Source "ChessBase"]
[SourceDate "2023.10.10"]
[SourceVersion "1"]
[SourceVersionDate "2023.10.10"]
[SourceQuality "1"]

1. e4 c5 2. g3 Nc6 3. Bg2 Nf6 4. f4 d6 5. d3 g6 6. Nf3 Bg7 7. 0-0 0-0 8. c3 c4 9. Kh1 cxd3 10. Qxd3 Rb8 11. Be3 b5 12. Nd4 Nxd4 13. cxd4 a6 14. Nd2 Bb7 15. Rac1 Qd7 16. h3 Rfc8 17. Kh2 Rxc1 18. Rxc1 Rc8 19. Rxc8+ Qxc8 20. Nb3 Qa8 21. Nd2 e6 22. g4 d5 23. e5 Nd7 24. f5 Nxe5 25. dxe5 Bxe5+ 26. Kg1 Bxb2 27. Bd4 Bxd4+ 28. Qxd4 Qc8 29. f6 h6 30. Qe3 Kh7 31. Nf3 Qc7 32. h4 a5 33. h5 d4 34. hxg6+ Kxg6 35. Nh4+ Kxf6 36. Qxh6+ Ke7 37. Qg5+ Kf8 38. Qxb5 Bxg2 39. Kxg2 Qc2+ 40. Kf3 Qc3+ 41. Kf2 Qe3+ 42. Kg2 Qe4+ 43. Kg3 Qe1+ 44. Kh3 Qh1+ 45. Kg3 Qe1+ 46. Kh3 Qb4 47. Qxb4+ axb4 48. Nf3 d3 49. Kg3 f6 50. Kf4 Ke7 51. Ke3 Kd6 52. Kxd3 Kd5 53. Nd2 e5 54. Ne4 Ke6 55. Kc4 f5 56. gxf5+ Kxf5 57. Nd2 Kf4 58. Kxb4 Ke3 59. Nc4+ Kd3 60. a4 Kd4 61. Kb5 1-0

[Event "Hillerod Byturnering B"]
[Site "Hillerod"]
[Date "2015.??.??"]
[Round "3"]
[White "Lavrsen, Frands Winther"]
[Black "Borg, Flemming"]
[Result "1-0"]
[WhiteElo "1817"]
[BlackElo "1831"]
[PlyCount "209"]
[EventDate "2015.04.28"]
[EventType "tourn"]
[EventRounds "7"]
[EventCountry "DEN"]
[SourceTitle "EXT 2024"]
[Source "ChessBase"]
[SourceDate "2023.10.10"]
[SourceVersion "1"]
[SourceVersionDate "2023.10.10"]
[SourceQuality "1"]

1. Nf3 d6 2. d4 Nf6 3. g3 Nbd7 4. Bg2 c6 5. 0-0 e5 6. c4 Qc7 7. Nc3 Be7 8. Bg5 h6 9. Bd2 Nf8 10. Qc2 Ng6 11. Rac1 h5 12. Bg5 Bg4 13. dxe5 dxe5 14. Nh4 Nxh4 15. Bxh4 0-0-0 16. Rfd1 Nh7 17. Bxe7 Qxe7 18. Rxd8+ Qxd8 19. Rd1 Qe7 20. Qa4 Kb8 21. Qb3 Qe6 22. Ne4 Qe7 23. Rd6 Qc7 24. Nc5 Qb6 25. Nd7+ Bxd7 26. Qxb6 axb6 27. Rxd7 Rf8 28. b4 Nf6 29. Re7 Rd8 30. Rxe5 Rd1+ 31. Bf1 Ng4 32. Rxh5 Nf6 33. Rh8+ Ka7 34. f3 Rc1 35. e4 b5 36. cxb5 cxb5 37. Rf8 Nd7 38. Rxf7 Ne5 39. Rf5 Nc4 40. Kf2 Rc2+ 41. Be2 Kb6 42. f4 Rxa2 43. Rf7 Nd2 44. Re7 Kc6 45. Ke3 Nc4+ 46. Bxc4 bxc4 47. Kd4 b5 48. Rxg7 Rd2+ 49. Kc3 Rd3+ 50. Kc2 Rb3 51. e5 Rxb4 52. e6 Ra4 53. f5 b4 54. f6 Ra2+ 55. Kb1 Rf2 56. f7 Kd6 57. Rg8 Rf1+ 58. Kb2 Rf2+ 59. Kc1 Rf1+ 60. Kd2 c3+ 61. Kc2 Rf2+ 62. Kb3 c2 63. Rc8 Kxe6 64. Rxc2 Rxf7 65. Kxb4 Rh7 66. Rf2 Rh3 67. Kc4 Ke5 68. Kd3 Rh8 69. Ke3 Ra8 70. Kf3 Kf5 71. Kg2+ Kg6 72. g4 Ra5 73. Kg3 Ra3+ 74. Rf3 Ra1 75. h4 Rg1+ 76. Kf4 Ra1 77. h5+ Kh6 78. Re3 Rf1+ 79. Kg3 Rg1+ 80. Kh4 Rh1+ 81. Rh3 Rg1 82. Re3 Rh1+ 83. Kg3 Rg1+ 84. Kf4 Rf1+ 85. Rf3 Rg1 86. Kf5 Rg2 87. Rf4 Rg1 88. Kf6 Rg2 89. Kf7 Kh7 90. Kf8 Kh8 91. Rf6 Kh7 92. Rg6 Rf2+ 93. Ke7 Re2+ 94. Kf6 Rf2+ 95. Kg5 Rf8 96. h6 Rf1 97. Rg7+ Kh8 98. Kh5 Rf5+ 99. g5 Ra5 100. Rf7 Ra8 101. Kg6 Ra6+ 102. Rf6 Ra8 103. h7 Rc8 104. Kh6 Re8 105. g6 1-0

[Event "Borup Skovbo op"]
[Site "Borup"]
[Date "2014.09.14"]
[Round "9"]
[White "Borg, Flemming"]
[Black "Hein, Jacob"]
[Result "1-0"]
[WhiteElo "1842"]
[BlackElo "1450"]
[PlyCount "91"]
[EventDate "2014.09.05"]
[EventType "swiss"]
[EventRounds "9"]
[EventCountry "DEN"]
[SourceTitle "CBM 162 Extra"]
[Source "ChessBase"]
[SourceDate "2014.10.17"]
[SourceVersion "1"]
[SourceVersionDate "2014.10.17"]
[SourceQuality "1"]

1. d4 d5 2. Bf4 Bf5 3. Nf3 Nf6 4. h3 Nbd7 5. e3 c6 6. c4 e6 7. Nc3 Ne4 8. a3 Bd6 9. Bxd6 Nxd6 10. c5 Nc4 11. Bxc4 dxc4 12. 0-0 Bd3 13. Re1 0-0 14. Qa4 Qc7 15. Rec1 b5 16. cxb6 Nxb6 17. Qd1 Rad8 18. Ne5 Bg6 19. Qe2 f6 20. Nxc4 Nxc4 21. Qxc4 Bf7 22. Nb5 Qb8 23. Qxc6 Rc8 24. Qa6 Rxc1+ 25. Rxc1 Rd8 26. b4 Qb6 27. Qxb6 axb6 28. Nd6 Bg6 29. Rc8 Rxc8 30. Nxc8 b5 31. Ne7+ Kf7 32. Nxg6 hxg6 33. Kf1 Ke7 34. Ke2 Kd6 35. Kd3 g5 36. g4 g6 37. e4 f5 38. f3 Kc6 39. Kc3 Kc7 40. Kb3 Kd6 41. a4 bxa4+ 42. Kxa4 Kc6 43. Ka5 Kb7 44. Kb5 Kc7 45. Kc5 Kd7 46. b5 1-0

[Event "Hillerod Nordea Cup B"]
[Site "Hillerod"]
[Date "2014.04.29"]
[Round "4"]
[White "Borg, Flemming"]
[Black "Jacobsen, Hans Endrup"]
[Result "0-1"]
[WhiteElo "1872"]
[BlackElo "1981"]
[PlyCount "74"]
[EventDate "2014.04.29"]
[EventType "tourn"]
[EventRounds "7"]
[EventCountry "DEN"]
[SourceTitle "EXT 2024"]
[Source "ChessBase"]
[SourceDate "2023.10.10"]
[SourceVersion "1"]
[SourceVersionDate "2023.10.10"]
[SourceQuality "1"]

1. e4 c5 2. d3 Nc6 3. g3 d6 4. Bg2 g6 5. f4 Bg7 6. Nf3 e6 7. c3 Nge7 8. Be3 0-0 9. 0-0 b6 10. Nbd2 Ba6 11. Qc2 Rc8 12. Bf2 e5 13. Bh3 Rc7 14. Nh4 d5 15. Rfe1 Bh6 16. Ng2 dxe4 17. dxe4 exf4 18. gxf4 Bc8 19. Bxc8 Qxc8 20. Bg3 Rd7 21. Re2 Rfd8 22. e5 Nxe5 23. Ne4 Ng4 24. h3 f5 25. hxg4 fxe4 26. Qxe4 Rd1+ 27. Rxd1 Rxd1+ 28. Kf2 Bf8 29. Ne3 Rd8 30. Bh4 Re8 31. Nd5 Nxd5 32. Qxe8 Qxg4 33. Qe6+ Qxe6 34. Rxe6 Nxf4 35. Re3 c4 36. b4 cxb3 37. axb3 Bc5 0-1

[Event "Hillerod Nordea Cup B"]
[Site "Hillerod"]
[Date "2014.04.29"]
[Round "7"]
[White "Borg, Flemming"]
[Black "Olsen, Kim Alex"]
[Result "1-0"]
[WhiteElo "1872"]
[BlackElo "1705"]
[PlyCount "55"]
[EventDate "2014.04.29"]
[EventType "tourn"]
[EventRounds "7"]
[EventCountry "DEN"]
[SourceTitle "EXT 2024"]
[Source "ChessBase"]
[SourceDate "2023.10.10"]
[SourceVersion "1"]
[SourceVersionDate "2023.10.10"]
[SourceQuality "1"]

1. Nf3 Nf6 2. g3 g6 3. Bg2 Bg7 4. 0-0 0-0 5. Re1 Re8 6. e4 c6 7. e5 Ng4 8. d4 d6 9. h3 Nh6 10. Qe2 Be6 11. c4 dxe5 12. dxe5 Nd7 13. Nc3 Nc5 14. Rd1 Qc7 15. Ng5 Rad8 16. Be3 Nd7 17. f4 Nf8 18. g4 Rxd1+ 19. Rxd1 Rd8 20. Rxd8 Qxd8 21. Bxa7 b6 22. c5 Qd4+ 23. Qf2 Qxf2+ 24. Kxf2 b5 25. Bxc6 b4 26. Nd5 Bxd5 27. Bxd5 e6 28. c6 1-0

[Event "EU-ch Seniors 50 14th"]
[Site "Porto"]
[Date "2014.03.16"]
[Round "8"]
[White "Bebchuk, Boris"]
[Black "Borg, Flemming"]
[Result "1-0"]
[WhiteElo "2162"]
[BlackElo "1859"]
[PlyCount "81"]
[EventDate "2014.03.09"]
[EventType "swiss"]
[EventRounds "9"]
[EventCountry "POR"]
[SourceTitle "CBM 159 Extra"]
[Source "ChessBase"]
[SourceDate "2014.04.24"]
[SourceVersion "1"]
[SourceVersionDate "2014.04.24"]
[SourceQuality "1"]

1. Nf3 d6 2. d4 Nf6 3. g3 Nbd7 4. Bg2 e5 5. c4 c6 6. Nc3 Be7 7. 0-0 Qc7 8. e4 Nf8 9. h3 Ng6 10. Be3 h5 11. Qd2 Be6 12. d5 cxd5 13. cxd5 Bd7 14. Rfc1 Qd8 15. a4 0-0 16. a5 Nh7 17. Qe2 f5 18. exf5 Rxf5 19. Ne4 h4 20. Kh2 hxg3+ 21. fxg3 Rf8 22. Nfd2 Rf5 23. a6 b6 24. Bf3 Ng5 25. Bxg5 Bxg5 26. Bg4 Bxd2 27. Qxd2 Rf8 28. Qe2 Ne7 29. Be6+ Bxe6 30. dxe6 Nf5 31. h4 Nd4 32. Qg4 Nb3 33. Ng5 Nxa1 34. Qe4 Rf2+ 35. Kg1 Rf6 36. Qh7+ Kf8 37. Qh8+ Ke7 38. Qxg7+ Ke8 39. Rc7 b5 40. Qg8+ Rf8 41. Qg6+ 1-0

[Event "EU-ch Seniors 50 14th"]
[Site "Porto"]
[Date "2014.03.15"]
[Round "7"]
[White "Melkeraaen, Terje"]
[Black "Borg, Flemming"]
[Result "1/2-1/2"]
[WhiteElo "2013"]
[BlackElo "1859"]
[PlyCount "39"]
[EventDate "2014.03.09"]
[EventType "swiss"]
[EventRounds "9"]
[EventCountry "POR"]
[SourceTitle "CBM 159 Extra"]
[Source "ChessBase"]
[SourceDate "2014.04.24"]
[SourceVersion "1"]
[SourceVersionDate "2014.04.24"]
[SourceQuality "1"]

1. Nf3 d6 2. c4 e5 3. Nc3 Nf6 4. d4 Nbd7 5. e4 Be7 6. Be2 0-0 7. 0-0 Re8 8. d5 Nc5 9. Qc2 a5 10. Ne1 Rf8 11. Be3 b6 12. b3 Ne8 13. Nd3 Nxd3 14. Bxd3 Bg5 15. Nd1 g6 16. Rc1 Ng7 17. a3 f5 18. exf5 Bxe3 19. Nxe3 Nxf5 20. Bxf5 1/2-1/2

[Event "EU-ch Seniors 50 14th"]
[Site "Porto"]
[Date "2014.03.12"]
[Round "4"]
[White "Sollid, Stein"]
[Black "Borg, Flemming"]
[Result "0-1"]
[WhiteElo "2057"]
[BlackElo "1859"]
[PlyCount "66"]
[EventDate "2014.03.09"]
[EventType "swiss"]
[EventRounds "9"]
[EventCountry "POR"]
[SourceTitle "CBM 159 Extra"]
[Source "ChessBase"]
[SourceDate "2014.04.24"]
[SourceVersion "1"]
[SourceVersionDate "2014.04.24"]
[SourceQuality "1"]

1. e4 d5 2. exd5 Qxd5 3. d4 e5 4. Nf3 Bg4 5. Be2 Nc6 6. Nc3 Bb4 7. 0-0 Bxc3 8. bxc3 exd4 9. cxd4 Nf6 10. c4 Qd6 11. d5 Bxf3 12. Bxf3 Ne5 13. Qb3 Nfd7 14. Ba3 Nc5 15. Qe3 b6 16. Rae1 f6 17. Bh5+ Kd8 18. f4 Nxc4 19. Qg3 g6 20. Re6 Qf8 21. Rfe1 Nxa3 22. Re8+ Qxe8 23. Rxe8+ Rxe8 24. Bf3 Nc2 25. h3 Nd4 26. Qh4 Nxf3+ 27. gxf3 Kc8 28. Qxf6 Kb7 29. Qc6+ Ka6 30. a4 Rac8 31. Qb5+ Kb7 32. Qc6+ Kb8 33. a5 Red8 0-1

[Event "EU-ch Seniors 50 14th"]
[Site "Porto"]
[Date "2014.03.09"]
[Round "1"]
[White "Borg, Flemming"]
[Black "Kierzek, Matthias"]
[Result "0-1"]
[WhiteElo "1859"]
[BlackElo "2251"]
[PlyCount "42"]
[EventDate "2014.03.09"]
[EventType "swiss"]
[EventRounds "9"]
[EventCountry "POR"]
[SourceTitle "CBM 159 Extra"]
[Source "ChessBase"]
[SourceDate "2014.04.24"]
[SourceVersion "1"]
[SourceVersionDate "2014.04.24"]
[SourceQuality "1"]

1. e4 c6 2. d4 d5 3. Nd2 dxe4 4. Nxe4 Bf5 5. Ng3 Bg6 6. Bc4 e6 7. N1e2 Nf6 8. 0-0 Bd6 9. f4 Nbd7 10. f5 exf5 11. Nxf5 Bxf5 12. Rxf5 Qc7 13. Bf4 0-0-0 14. Bxf7 g6 15. Bxd6 Qxd6 16. Ra5 Ng4 17. g3 Rhf8 18. Bb3 Rde8 19. h3 Nf2 20. Qf1 Rxe2 21. Qxe2 Qxg3+ 0-1